000 00606nam a2200253Ia 4500
005 20260121160944.0
008 008 260114s9999 xx 000 0 eng d
020 _a9780203494189
037 _aEBOOK
040 _aCRL
040 _beng
040 _cCRL
041 _2eng
041 _aeng
084 _qCRL
100 _a Christopher Bennett
_91038407
245 0 _aWhat is this thing called Ethics?
260 _bTaylor and Francis
260 _c2015
856 _uhttp://www.taylorfrancis.com/books/9780203494189
942 _cEBOOK
999 _c1605223
_d1605223